00841nam 22002533 4500001000700000021000700007090001100014100004100025101000800066102000700074200003200081205000800113210002800121215003600149225003300185300010300218606003900321675002500360700004200385801001800427830002900445990001100474995010200485202095 aPT a202095 a20240117d u||y0pory50 ba apor aPT aContosfVergílio Ferreira a1ª aLisboacArcádiad1976 a257, [3] p.cencadernadod20 cm aObras de Vergílio Ferreira aContém dedicatória na folha de guarda e notas do Prof. Dr. Almeida Faria na folha de índice. 93481aLiteratura Portuguesa Contos a821.134.3-3vPTzpor 91045aFerreirabVergíliof1916-1996 aPTbBMMNgRPC cAna FalardofAna Falardo cLIVROS 002052026-05-11931794bBMMNf31514k821.134.3-3 FER|SAFo0rLIVROSuAcesso CondicionadosOferta